000 00858nam a2200229 a 4500
001 82658
003 BD-RjUL
005 20240117121032.0
008 2401 s1951 ir 000 0 per d
035 _a(BD-RjUL)82658
040 _aNNL
_bara
_cBD-RjUL
041 _aper
082 _223
_a297.77
_bSEB 1951
100 1 _aSephri, Burzo ;; سپهرى، برزو
_910910
245 1 0 _aبحث در مسائل پرورش اخلاقى /Debate on the problems of moral education /
_cنگارش برزو سپهرى. ;; Written by Barzo Sephri.
260 _aتهران :
_bچاپخانه دانشگاه،
_c[1951] ١٣٣٠ [ش].
300 _aب[=٢]، ٢١٥، [٢]ص.
490 1 _aانتشارات دانشگاه تهران ؛
_v١٢٧
650 4 _aReligious education
830 0 _aانتشارات دانشگاه تهران ;
_v١٢٧.
942 _2ddc
_cBK
999 _c82658
_d82658